Pintores Cubanos /
Guardado en:
| Institution som forfatter: | |
|---|---|
| Format: | Ukendt |
| Sprog: | Spanish |
| Udgivet: |
La Habana, Cuba :
Gente Nueva,
1974.
|
| Fag: | |
| Tags: |
Tilføj Tag
Ingen Tags, Vær først til at tagge denne postø!
|
MARC
| LEADER | 000000000a22000000004500 | ||
|---|---|---|---|
| 001 | 001681 | ||
| 041 | 0 | |a spa | |
| 082 | 0 | 4 | |a 759.972.91 |b P659p |
| 110 | 2 | |a Instituto Cubano del Libro | |
| 245 | 1 | 0 | |a Pintores Cubanos / |c Instituto Cubano del Libro. |
| 260 | 1 | |a La Habana, Cuba : |b Gente Nueva, |c 1974. | |
| 300 | |a 67 páginas : |b ilustraciones, retratos (a color) | ||
| 650 | 4 | |a CUBA | |
| 650 | 4 | |a MUSEO NACIONAL DE CUBA | |
| 650 | 4 | |a PINTORES CUBANOS | |
| 650 | 4 | |a CATALOGO | |
| 650 | 4 | |a PINTURA CUBANA | |
| 999 | |c 8375 |d 8375 | ||
| 942 | |c BK |h 759.972.91 P659p |2 z | ||
